000 00986nam a2200253Ia 4500
001 20836
003 GE_BSU
008 181216s||||||||xx |||||||||||||| ||und||
020 _a9789941235672
040 _cGE_BSU
080 _a821.111-31
100 _aგოლდინგი,უილიამ.
245 _aბუზთა ბატონი
245 _bრომანი
245 _cინგლ. თარგმნა ნინო ქაჯაიამ ; რედ. ლოლა ქადაგიშვილი ; დიზაინერები: ნათია კვარაცხელია,ია მახათაძე
260 _aთბილისი
260 _bბაკურ სულაკაურის გამ-ბა
260 _c2016
300 _a248გვ;19სმ.
541 _h8ლ.03თ.
653 _aბუზთა ბატონი
653 _aმხატვრული ლიტერატურა
942 _cBK
999 _c53786
_d53786